|
|
|
|
| LEADER |
00000nab a2200000 a 4500 |
| 001 |
vtls009318047 |
| 003 |
SK-MaSNL |
| 005 |
20260303055728.0 |
| 008 |
080804 2008 xo r r 000 0 slo |
| 038 |
|
|
|a KEVKJB
|
| 040 |
|
|
|a KEVKJB
|b slo
|c KEVKJB
|e AACR2
|
| 041 |
0 |
|
|a slo
|
| 044 |
|
|
|a xo
|c SK
|
| 080 |
|
|
|a 792.071.2
|2 2001
|
| 080 |
|
|
|a 929 Přeučil, Jan
|2 2001
|
| 100 |
1 |
|
|a Kiraľvargová, Dáša
|4 aut
|9 872583
|
| 245 |
1 |
0 |
|a Od začiatku kariéry bol u divákov zakódovaný ako veľmi zlý chlapec
|b český herec Jan Přeučil sa kvôli Shakespearovi rád vzdá časti letných divadelných prázdnin
|c Dáša Kiraľvargová
|
| 300 |
|
|
|b Obr.
|
| 600 |
1 |
7 |
|a Přeučil, Jan,
|d 1937-
|2 kevkjb
|9 116167
|
| 650 |
0 |
7 |
|a herci
|2 kevkjb
|9 3087
|
| 650 |
0 |
7 |
|a hosťovanie
|z Košice (Slovensko)
|2 kevkjb
|9 1027202
|
| 651 |
|
7 |
|a Košice (Slovensko)
|2 kevkjb
|9 18694
|
| 773 |
0 |
|
|t Košický večer
|g Roč. 19(40), č. 31 (1.8.2008), s. 8
|x 1336-5320
|
| 852 |
|
|
|a KEVKJB
|b KIS3GCP
|
| 958 |
|
|
|a BC
|
| 958 |
|
|
|a CZ
|
| 999 |
|
|
|c 1728608
|d 1730538
|